[Event "Florianopolis Winter op 5th"]
[Site "Florianopolis"]
[Date "2019.08.31"]
[Round "4"]
[White "Cordeiro da Silva, Felipe"]
[Black "De Carvalho, Christopher"]
[Result "0-1"]
[WhiteElo "1859"]
[BlackElo "2104"]
[PlyCount "86"]
[EventDate "2019.08.30"]
[EventType "swiss"]
[EventRounds "7"]
[EventCountry "BRA"]
[SourceTitle "EXT 2020"]
[Source "ChessBase"]
[SourceDate "2019.10.17"]
[SourceVersion "1"]
[SourceVersionDate "2019.10.17"]
[SourceQuality "1"]

1. d4 Nf6 2. Nf3 d5 3. g3 b5 4. a4 b4 5. Bg2 e6 6. 0-0 Nbd7 7. c4 bxc3 8. Nxc3 Ba6 9. Bf4 Bb4 10. Ne5 Nxe5 11. dxe5 Bxc3 12. bxc3 Nd7 13. h4 0-0 14. Re1 c6 15. e4 Qa5 16. exd5 cxd5 17. Qg4 Kh8 18. Rad1 Nc5 19. Bg5 Rfc8 20. Qh5 Kg8 21. Rd4 Qxc3 22. Red1 Bd3 23. R1xd3 Nxd3 24. Bf6 Qxd4 25. Qg5 Kf8 26. Qxg7+ Ke8 27. Qg8+ Kd7 28. Qxf7+ Kc6 29. Qxe6+ Kc5 30. Qa6 Kb4 31. Be7+ Nc5 32. Qb5+ Ka3 33. Bd6 a6 34. Qb1 Rc6 35. Be7 Re8 36. Bg5 Nb3 37. Qxh7 Qxe5 38. Qf7 Rc5 39. Bh6 d4 40. Bg7 Qe7 41. Qg6 Rg8 42. Qxa6 Rxg7 43. Qd3 Qe1+ 0-1

[Event "Florianopolis Winter op 5th"]
[Site "Florianopolis"]
[Date "2019.08.30"]
[Round "2"]
[White "Volkmann, Andre Jordi"]
[Black "Cordeiro da Silva, Felipe"]
[Result "0-1"]
[WhiteElo "2022"]
[BlackElo "1859"]
[PlyCount "77"]
[EventDate "2019.08.30"]
[EventType "swiss"]
[EventRounds "7"]
[EventCountry "BRA"]
[SourceTitle "EXT 2020"]
[Source "ChessBase"]
[SourceDate "2019.10.17"]
[SourceVersion "1"]
[SourceVersionDate "2019.10.17"]
[SourceQuality "1"]

1. d4 e6 2. c4 f5 3. Nc3 c6 4. e4 fxe4 5. Nxe4 Nf6 6. Nxf6+ Qxf6 7. Nf3 Bb4+ 8. Bd2 Bxd2+ 9. Qxd2 0-0 10. Bd3 h6 11. h4 d6 12. Rh3 e5 13. dxe5 dxe5 14. Rg3 e4 15. Bxe4 Re8 16. Qe2 Bf5 17. Nd2 Qxh4 18. Re3 Bxe4 19. Nxe4 Qh1+ 20. Qf1 Qh5 21. Qe2 Qh1+ 22. Qf1 Qh5 23. Qd3 Na6 24. Rd1 Nb4 25. Qb3 Qh1+ 26. Ke2 Qxg2 27. Rd4 c5 28. Nxc5 Nc6 29. Rd2 Rad8 30. Qc3 Rxd2+ 31. Qxd2 Rd8 32. Rd3 Qg4+ 33. Ke1 Qg1+ 34. Ke2 Qg4+ 35. Ke1 Nd4 36. Kf1 Qh4 37. Kg2 Rd6 38. b4 b6 39. Nb3 0-1

[Event "Jacarei op 2nd"]
[Site "Jacarei"]
[Date "2019.07.28"]
[Round "5"]
[White "Cordeiro da Silva, Felipe"]
[Black "Borger, Daniel"]
[Result "1-0"]
[WhiteElo "1831"]
[BlackElo "1582"]
[PlyCount "61"]
[EventDate "2019.07.26"]
[EventType "swiss"]
[EventRounds "6"]
[EventCountry "BRA"]
[SourceTitle "CBM 191 Extra"]
[Source "ChessBase"]
[SourceDate "2019.09.30"]
[SourceVersion "1"]
[SourceVersionDate "2019.09.30"]
[SourceQuality "1"]

1. d4 d5 2. Nf3 Nf6 3. g3 Bf5 4. Bg2 e6 5. 0-0 Nbd7 6. b3 h6 7. Bb2 Be7 8. Nbd2 0-0 9. c4 c6 10. Rc1 a5 11. Ne5 a4 12. Re1 axb3 13. Qxb3 Qa5 14. Bc3 Qxa2 15. Nxd7 Nxd7 16. Qxb7 Ra7 17. Qxc6 Rfa8 18. cxd5 Nf6 19. e4 Nxd5 20. exd5 Ra3 21. dxe6 Bxe6 22. d5 Rc8 23. Qb5 Rc5 24. Qe8+ Kh7 25. Be4+ f5 26. Bb1 Qxd5 27. Qxe7 Raxc3 28. Rxc3 Rxc3 29. Qxe6 Qxd2 30. Bxf5+ Kh8 31. Qe8# 1-0

[Event "BRA-ch Amateur U2000"]
[Site "Sao Paulo"]
[Date "2019.06.23"]
[Round "7"]
[White "Castro Silva, Alex"]
[Black "Cordeiro da Silva, Felipe"]
[Result "1-0"]
[WhiteElo "1928"]
[BlackElo "1803"]
[PlyCount "103"]
[EventDate "2019.06.20"]
[EventType "swiss"]
[EventRounds "7"]
[EventCountry "BRA"]
[SourceTitle "EXT 2020"]
[Source "ChessBase"]
[SourceDate "2019.10.17"]
[SourceVersion "1"]
[SourceVersionDate "2019.10.17"]
[SourceQuality "1"]

1. e4 e6 2. d3 c5 3. Nf3 Nc6 4. g3 Nf6 5. Bg2 Be7 6. 0-0 b6 7. Re1 Bb7 8. c3 Qc7 9. Nbd2 h6 10. Nc4 e5 11. Ne3 0-0-0 12. Bd2 d5 13. exd5 Nxd5 14. Nxd5 Rxd5 15. Nd4 Rxd4 16. cxd4 Nxd4 17. Bc3 Bxg2 18. Kxg2 Qc6+ 19. f3 Ne6 20. Bxe5 Rd8 21. Qe2 Rd5 22. Rad1 g5 23. Qe4 h5 24. d4 c4 25. h3 g4 26. hxg4 Ng5 27. Qf5+ Kb7 28. gxh5 f6 29. Qg6 Rxe5 30. d5 Qd6 31. h6 Qb4 32. Rxe5 Qxb2+ 33. Kf1 Qxe5 34. Re1 Qc7 35. Qg7 Bb4 36. Qxc7+ Kxc7 37. Re6 Nh7 38. Rc6+ Kd7 39. Rxc4 Bf8 40. Rh4 Kd6 41. Rh5 Ke7 42. f4 Kd6 43. Ke2 Kc5 44. Kd3 Bd6 45. Ke4 b5 46. Kf5 a5 47. Kg6 Nf8+ 48. Kxf6 b4 49. h7 Nxh7+ 50. Rxh7 a4 51. Ke6 b3 52. axb3 1-0

[Event "BRA-ch Amateur U2000"]
[Site "Sao Paulo"]
[Date "2019.06.22"]
[Round "6"]
[White "Cordeiro da Silva, Felipe"]
[Black "Gambale, Eduardo de Aquino"]
[Result "1-0"]
[WhiteElo "1803"]
[BlackElo "1980"]
[PlyCount "57"]
[EventDate "2019.06.20"]
[EventType "swiss"]
[EventRounds "7"]
[EventCountry "BRA"]
[SourceTitle "EXT 2020"]
[Source "ChessBase"]
[SourceDate "2019.10.17"]
[SourceVersion "1"]
[SourceVersionDate "2019.10.17"]
[SourceQuality "1"]

1. d4 d5 2. Nf3 Nf6 3. g3 Bf5 4. Bg2 h6 5. Nbd2 e6 6. 0-0 Be7 7. c4 0-0 8. b3 Nbd7 9. Bb2 c6 10. Rc1 Bh7 11. Re1 Ne4 12. Nxe4 Bxe4 13. Nd2 Bxg2 14. Kxg2 f5 15. f3 Bg5 16. Rc3 Bxd2 17. Qxd2 Nf6 18. Ba3 Rf7 19. Qf4 Qe8 20. Bd6 Qd7 21. c5 Re8 22. b4 a6 23. a4 Qd8 24. Rb3 g5 25. Qd2 Nd7 26. Qc3 Qf6 27. Qb2 e5 28. dxe5 Nxe5 29. Re3 1-0

[Event "Sao Paulo Haroldo Salles op"]
[Site "Sao Paulo"]
[Date "2019.05.11"]
[Round "6.11"]
[White "Cordeiro da Silva, Felipe"]
[Black "Triebe De Mello, Otto Carlos"]
[Result "1/2-1/2"]
[WhiteElo "1813"]
[BlackElo "1745"]
[PlyCount "124"]
[EventDate "2019.05.09"]
[EventType "swiss"]
[EventRounds "6"]
[EventCountry "BRA"]
[SourceTitle "EXT 2022"]
[Source "ChessBase"]
[SourceDate "2021.10.06"]
[SourceVersion "1"]
[SourceVersionDate "2021.10.06"]
[SourceQuality "1"]

1. d4 Nf6 2. c4 e5 3. dxe5 Ng4 4. e4 Nxe5 5. f4 Nec6 6. Nf3 Bc5 7. Nc3 d6 8. Be2 0-0 9. a3 a5 10. Qd3 Nd7 11. Be3 Bxe3 12. Qxe3 Nf6 13. h3 Re8 14. g4 Qe7 15. Bd3 Be6 16. g5 Nh5 17. Nh4 g6 18. 0-0-0 Ng7 19. Qg3 Nd4 20. Rde1 Qd7 21. Qf2 c5 22. Nf3 b5 23. Nxd4 cxd4 24. Nxb5 Rac8 25. Qc2 d5 26. c5 dxe4 27. Rxe4 Nf5 28. Re5 Ne3 29. Qe2 Bd5 30. Re1 Rxc5+ 31. Kb1 Rec8 32. h4 Nc4 33. Re8+ Rxe8 34. Qxe8+ Qxe8 35. Rxe8+ Kg7 36. Bxc4 Bxc4 37. Nxd4 Rd5 38. Ne2 Rd3 39. Nc3 Rh3 40. Re5 Bb3 41. Kc1 a4 42. Ne4 Rf3 43. Nf6 Rxf4 44. Re8 Rxf6 45. gxf6+ Kxf6 46. Rb8 h5 47. Rb6+ Ke7 48. Rb7+ Kd6 49. Rb6+ Kc5 50. Rb8 Kc6 51. Rh8 Kc5 52. Kd2 Kd4 53. Rh6 Kc5 54. Ke3 Kc6 55. Rh8 Kc5 56. Kf4 Kd6 57. Rd8+ Kc7 58. Rf8 Kd6 59. Kg5 Kc7 60. Re8 Kd7 61. Re3 Kc7 62. Rd3 Kc6 1/2-1/2

[Event "Joao Pessoa Fischer Memorial 10th"]
[Site "Joao Pessoa"]
[Date "2019.03.31"]
[Round "5"]
[White "Baltar, Petrov Ferreira"]
[Black "Cordeiro da Silva, Felipe"]
[Result "0-1"]
[WhiteElo "1662"]
[BlackElo "1821"]
[PlyCount "79"]
[EventDate "2019.03.29"]
[EventType "swiss"]
[EventRounds "6"]
[EventCountry "BRA"]
[SourceTitle "CBM 190 Extra"]
[Source "ChessBase"]
[SourceDate "2019.07.15"]
[SourceVersion "1"]
[SourceVersionDate "2019.07.15"]
[SourceQuality "1"]

1. d4 e6 2. c4 d5 3. Nc3 f5 4. cxd5 exd5 5. Bf4 c6 6. Nf3 Nf6 7. Bg5 Bd6 8. Ne5 Nbd7 9. f4 Nf8 10. e3 Ne6 11. Bh4 0-0 12. Bd3 Qb6 13. Qb3 Qxb3 14. axb3 Ne4 15. Bxe4 fxe4 16. 0-0 Nc7 17. Na4 Na6 18. Rac1 Nb4 19. Rb1 a5 20. Nb6 Ra6 21. Nxc8 Rxc8 22. Nd7 Rc7 23. Nc5 Bxc5 24. dxc5 Rd7 25. Rfc1 d4 26. exd4 Rxd4 27. Bf2 Rd3 28. Rc3 e3 29. Bxe3 Ra8 30. Rxd3 Nxd3 31. g3 Re8 32. Bd4 Re4 33. Bf2 Rb4 34. Ra1 Rb5 35. b4 Nxb4 36. Rd1 Nd5 37. b4 Nxb4 38. Bd4 Kf7 39. Rd2 g6 40. Kf2 0-1

[Event "Joao Pessoa Fischer Memorial 10th"]
[Site "Joao Pessoa"]
[Date "2019.03.31"]
[Round "6"]
[White "Cordeiro da Silva, Felipe"]
[Black "Macedo, Maximo Valerio"]
[Result "0-1"]
[WhiteElo "1821"]
[BlackElo "1984"]
[PlyCount "50"]
[EventDate "2019.03.29"]
[EventType "swiss"]
[EventRounds "6"]
[EventCountry "BRA"]
[SourceTitle "CBM 190 Extra"]
[Source "ChessBase"]
[SourceDate "2019.07.15"]
[SourceVersion "1"]
[SourceVersionDate "2019.07.15"]
[SourceQuality "1"]

1. d4 f5 2. Nf3 g6 3. g3 Bg7 4. Bg2 Nf6 5. 0-0 d6 6. b3 0-0 7. Bb2 c6 8. c4 Na6 9. a3 Qe8 10. Qc2 Nc7 11. Nbd2 Nd7 12. e4 f4 13. e5 dxe5 14. dxe5 Ne6 15. Bh3 Qf7 16. b4 Rd8 17. c5 Ndf8 18. Qe4 Nxc5 19. bxc5 Bxh3 20. Ng5 Qf5 21. Qc4+ e6 22. Nxh3 Rxd2 23. Bc1 Qxh3 24. Qxf4 Rd5 25. Bb2 Qf5 0-1

[Event "Joao Pessoa Fischer Memorial 10th"]
[Site "Joao Pessoa"]
[Date "2019.03.30"]
[Round "4"]
[White "Cordeiro da Silva, Felipe"]
[Black "Queiroz, Matheus Erick Silva"]
[Result "0-1"]
[WhiteElo "1821"]
[BlackElo "2019"]
[PlyCount "114"]
[EventDate "2019.03.29"]
[EventType "swiss"]
[EventRounds "6"]
[EventCountry "BRA"]
[SourceTitle "CBM 190 Extra"]
[Source "ChessBase"]
[SourceDate "2019.07.15"]
[SourceVersion "1"]
[SourceVersionDate "2019.07.15"]
[SourceQuality "1"]

1. d4 d5 2. Nf3 Nf6 3. g3 Bf5 4. Bg2 e6 5. 0-0 Nbd7 6. b3 h6 7. Bb2 Be7 8. Nbd2 0-0 9. c4 c6 10. Rc1 Ne4 11. Ne5 Nxe5 12. Nxe4 Nxc4 13. bxc4 Bxe4 14. Bxe4 dxe4 15. f3 exf3 16. Rxf3 Qc7 17. Qd3 Rad8 18. e4 Bc5 19. Qd2 Bxd4+ 20. Bxd4 e5 21. Rd3 Rxd4 22. Rxd4 exd4 23. Qxd4 Qa5 24. Rd1 Re8 25. Qd7 Qe5 26. Qxb7 Qc5+ 27. Kg2 Qxc4 28. Re1 Qxa2+ 29. Kg1 Qd2 30. Rf1 Qd4+ 31. Rf2 f6 32. Qxc6 Rxe4 33. Qc8+ Kf7 34. Qb7+ Re7 35. Qb3+ Kf8 36. Qa3 Ke8 37. Qf3 Re1+ 38. Kg2 Qe4 39. Qxe4+ Rxe4 40. Ra2 Re7 41. Kf3 h5 42. Kf4 g6 43. h4 Kd8 44. Ra6 Rf7 45. Rc6 Kd7 46. Rc3 Kd6 47. Ke4 a5 48. Kd4 Rb7 49. Ra3 Rb4+ 50. Ke3 a4 51. Rd3+ Kc5 52. Rd8 Rb6 53. Ra8 Kb4 54. Kd4 Rb5 55. Ra6 a3 56. Rxf6 a2 57. Rf1 Ra5 0-1

[Event "Joao Pessoa Fischer Memorial 10th"]
[Site "Joao Pessoa"]
[Date "2019.03.29"]
[Round "1"]
[White "Venancio, Lara Regina Valenti"]
[Black "Cordeiro da Silva, Felipe"]
[Result "0-1"]
[WhiteElo "1800"]
[BlackElo "1821"]
[PlyCount "66"]
[EventDate "2019.03.29"]
[EventType "swiss"]
[EventRounds "6"]
[EventCountry "BRA"]
[SourceTitle "CBM 190 Extra"]
[Source "ChessBase"]
[SourceDate "2019.07.15"]
[SourceVersion "1"]
[SourceVersionDate "2019.07.15"]
[SourceQuality "1"]

1. e4 e6 2. Nf3 d5 3. exd5 exd5 4. Bb5+ c6 5. Bd3 Bd6 6. 0-0 Ne7 7. h3 Nd7 8. Nc3 Nf6 9. Ng5 0-0 10. Be2 d4 11. Na4 b5 12. Bh5 Qa5 13. b3 bxa4 14. d3 h6 15. Nxf7 Rxf7 16. Bxf7+ Kxf7 17. Bd2 Bb4 18. Rc1 Bxd2 19. Rb1 a3 20. Qf3 Qd5 21. Qe2 Bc3 22. f3 Nf5 23. g4 Ng3 24. Qh2 Nxf1 25. Rxf1 Bb7 26. Qc7+ Qd7 27. Qf4 g5 28. Qg3 Nd5 29. Rf2 Be1 30. c4 dxc3 31. Kf1 c2 32. Kxe1 c1Q+ 33. Ke2 Nc3# 0-1

[Event "Pocos de Caldas op"]
[Site "Pocos de Caldas"]
[Date "2019.02.10"]
[Round "5"]
[White "Cordeiro da Silva, Felipe"]
[Black "Deus Filho, Joaquim"]
[Result "0-1"]
[WhiteElo "1825"]
[BlackElo "1900"]
[PlyCount "50"]
[EventDate "2019.02.08"]
[EventType "swiss"]
[EventRounds "6"]
[EventCountry "BRA"]
[SourceTitle "CBM 189 Extra"]
[Source "ChessBase"]
[SourceDate "2019.05.31"]
[SourceVersion "1"]
[SourceVersionDate "2019.05.31"]
[SourceQuality "1"]

1. d4 c5 2. Nf3 cxd4 3. Nxd4 g6 4. g3 Bg7 5. Bg2 Nf6 6. 0-0 d5 7. c4 0-0 8. cxd5 Nxd5 9. e4 Nb4 10. Be3 Bxd4 11. Bxd4 N8c6 12. a3 Qxd4 13. Qxd4 Nxd4 14. axb4 Nc2 15. Ra5 Nxb4 16. Rd1 Nc6 17. Rc5 Rd8 18. Rxd8+ Nxd8 19. Nc3 Rb8 20. Nd5 Kf8 21. Rc7 Nc6 22. b4 a6 23. Bf1 h6 24. Bxa6 Nxb4 25. Nxe7 Nxa6 0-1

[Event "Pocos de Caldas op"]
[Site "Pocos de Caldas"]
[Date "2019.02.09"]
[Round "3"]
[White "Cordeiro da Silva, Felipe"]
[Black "Baeta, Marcio Netto"]
[Result "0-1"]
[WhiteElo "1825"]
[BlackElo "1952"]
[PlyCount "92"]
[EventDate "2019.02.08"]
[EventType "swiss"]
[EventRounds "6"]
[EventCountry "BRA"]
[SourceTitle "CBM 188 Extra"]
[Source "ChessBase"]
[SourceDate "2019.02.28"]
[SourceVersion "1"]
[SourceVersionDate "2019.02.28"]
[SourceQuality "1"]

1. d4 Nf6 2. Nf3 c5 3. d5 b5 4. c4 Bb7 5. g3 g6 6. Bg2 bxc4 7. Nc3 Bg7 8. Ne5 0-0 9. Nxc4 d6 10. 0-0 Nbd7 11. h3 Ba6 12. Nd2 Nb6 13. Re1 Nfd7 14. a4 Rb8 15. a5 Nc4 16. Nxc4 Bxc4 17. Ra3 Ba6 18. f4 c4 19. Qc2 Nc5 20. Nd1 Nb3 21. Bd2 Nd4 22. Qc1 Nb3 23. Qc2 Nd4 24. Qc1 c3 25. Bxc3 Nxe2+ 26. Rxe2 Bxe2 27. Bxg7 Kxg7 28. Qc3+ Kg8 29. Ne3 Qc8 30. Qd2 Qa6 31. Kf2 Bb5 32. Ng4 h5 33. Nh6+ Kh7 34. f5 Bd7 35. g4 Qb5 36. Kg1 Qxb2 37. Qe3 Qf6 38. Be4 g5 39. Qxa7 Rb2 40. Qe3 Kxh6 41. a6 h4 42. Bg2 Rc8 43. a7 Ra8 44. Kh2 Rb7 45. Kg1 Qe5 46. Qf2 Rb1+ 0-1

[Event "Sao Paulo Hebraica op 26th"]
[Site "Sao Paulo"]
[Date "2019.01.11"]
[Round "1"]
[White "Cordeiro da Silva, Felipe"]
[Black "Nunes dos Santos, Rafael"]
[Result "1-0"]
[WhiteElo "1800"]
[BlackElo "1350"]
[PlyCount "67"]
[EventDate "2019.01.11"]
[EventType "swiss"]
[EventRounds "6"]
[EventCountry "BRA"]
[SourceTitle "EXT 2020"]
[Source "ChessBase"]
[SourceDate "2019.10.17"]
[SourceVersion "1"]
[SourceVersionDate "2019.10.17"]
[SourceQuality "1"]

1. d4 g5 2. Bxg5 Bg7 3. e4 c6 4. Nc3 Qb6 5. Nge2 Qxb2 6. Rb1 Qa3 7. g3 d6 8. Bg2 h6 9. Bd2 Nd7 10. Rb3 Qa6 11. 0-0 b5 12. Be3 Ngf6 13. d5 Bb7 14. dxc6 Bxc6 15. Nd4 Nc5 16. Ncxb5 Rc8 17. Ra3 Qxa3 18. Nxa3 Bxe4 19. Bxe4 Ncxe4 20. Nf5 Kf8 21. f3 Nc3 22. Qd3 Nfd5 23. Nxg7 Kxg7 24. Bd4+ e5 25. Bxc3 Nxc3 26. Qxd6 Ne2+ 27. Kf2 Nc3 28. Qxe5+ f6 29. Qe7+ Kg6 30. f4 Rhe8 31. f5+ Kxf5 32. Kg2+ Kg4 33. Rf4+ Kh5 34. Qf7+ 1-0

[Event "Sao Paulo Hebraica op 26th"]
[Site "Sao Paulo"]
[Date "2019.01.11"]
[Round "2"]
[White "Nunes, Guilherme Sacardo T"]
[Black "Cordeiro da Silva, Felipe"]
[Result "1-0"]
[WhiteElo "1572"]
[BlackElo "1800"]
[PlyCount "79"]
[EventDate "2019.01.11"]
[EventType "swiss"]
[EventRounds "6"]
[EventCountry "BRA"]
[SourceTitle "EXT 2020"]
[Source "ChessBase"]
[SourceDate "2019.10.17"]
[SourceVersion "1"]
[SourceVersionDate "2019.10.17"]
[SourceQuality "1"]

1. e4 e6 2. d3 d5 3. Nd2 c5 4. Ngf3 Nc6 5. g3 Nf6 6. Bg2 d4 7. 0-0 e5 8. Nc4 Qc7 9. a4 Bg4 10. Bd2 Be7 11. Qe1 0-0 12. Nh4 Nd7 13. Nf5 Bxf5 14. exf5 Bf6 15. g4 g6 16. g5 Bg7 17. f6 Bh8 18. f4 Rfe8 19. Qg3 a6 20. a5 Nd8 21. fxe5 Ne6 22. Rae1 Red8 23. h4 Rab8 24. Bh3 Ndf8 25. h5 Rd7 26. Nd6 gxh5 27. Qh4 Rxd6 28. exd6 Qxd6 29. Qxh5 Qg3+ 30. Bg2 Re8 31. Qh3 Qc7 32. Be4 c4 33. Re2 Qc5 34. Rf5 Qc8 35. Rh2 Nd8 36. Bb4 Rxe4 37. dxe4 Nde6 38. Bxf8 Nxf8 39. g6 fxg6 40. f7+ 1-0

[Event "Sao Bernardo do Campo op"]
[Site "Sao Bernardo do Campo"]
[Date "2018.12.09"]
[Round "4"]
[White "Cordeiro da Silva, Felipe"]
[Black "Zampronha, Wladimir Camilo"]
[Result "0-1"]
[WhiteElo "1813"]
[BlackElo "2156"]
[PlyCount "72"]
[EventDate "2018.12.07"]
[EventType "swiss"]
[EventRounds "5"]
[EventCountry "BRA"]
[SourceTitle "EXT 2021"]
[Source "ChessBase"]
[SourceDate "2020.10.23"]
[SourceVersion "1"]
[SourceVersionDate "2020.10.23"]
[SourceQuality "1"]

1. d4 Nf6 2. c4 d6 3. Nf3 g6 4. g3 Bg7 5. Bg2 0-0 6. 0-0 Nc6 7. Nc3 a6 8. Qc2 Bg4 9. Rd1 Nd7 10. Be3 Rb8 11. Nh4 e5 12. d5 Nd4 13. Qd2 b5 14. f3 Bf5 15. Bg5 f6 16. Bh6 Bxh6 17. Qxh6 g5 18. Rxd4 gxh4 19. Rxh4 bxc4 20. e4 Bg6 21. Bh3 Nc5 22. Na4 Nxa4 23. Be6+ Rf7 24. Rg4 Qf8 25. Rxg6+ hxg6 26. Qxg6+ Qg7 27. Bxf7+ Kf8 28. b3 cxb3 29. axb3 Nc5 30. Qxg7+ Kxg7 31. Be6 Rxb3 32. Kg2 Rb5 33. Bf5 a5 34. Rc1 a4 35. Bd7 Ra5 36. Bc6 a3 0-1

[Event "Sao Bernardo do Campo op"]
[Site "Sao Bernardo do Campo"]
[Date "2018.12.09"]
[Round "5"]
[White "Costa, Iaggo Bernini"]
[Black "Cordeiro da Silva, Felipe"]
[Result "0-1"]
[WhiteElo "1445"]
[BlackElo "1813"]
[PlyCount "48"]
[EventDate "2018.12.07"]
[EventType "swiss"]
[EventRounds "5"]
[EventCountry "BRA"]
[SourceTitle "EXT 2021"]
[Source "ChessBase"]
[SourceDate "2020.10.23"]
[SourceVersion "1"]
[SourceVersionDate "2020.10.23"]
[SourceQuality "1"]

1. e4 c5 2. Nf3 a6 3. d4 cxd4 4. Nxd4 Nf6 5. f3 e6 6. c4 Bb4+ 7. Bd2 Bc5 8. Be3 Qb6 9. Qd2 Nc6 10. Nc2 Nb4 11. Nba3 d6 12. Bxc5 dxc5 13. b3 Nc6 14. Be2 0-0 15. 0-0 Rd8 16. Qe3 Nd4 17. Nxd4 cxd4 18. Qd3 Nd7 19. Kh1 Qa5 20. Nc2 Ne5 21. b4 Qc7 22. Qb3 d3 23. Bxd3 Rxd3 24. Qa4 Bd7 0-1

[Event "Sao Bernardo do Campo LXSBC"]
[Site "Sao Bernardo do Campo"]
[Date "2018.11.24"]
[Round "4.9"]
[White "Carneiro Filho, Vicente"]
[Black "Cordeiro da Silva, Felipe"]
[Result "0-1"]
[WhiteElo "1419"]
[BlackElo "1805"]
[PlyCount "48"]
[EventDate "2018.11.23"]
[EventType "swiss"]
[EventRounds "5"]
[EventCountry "BRA"]
[SourceTitle "EXT 2022"]
[Source "ChessBase"]
[SourceDate "2021.10.06"]
[SourceVersion "1"]
[SourceVersionDate "2021.10.06"]
[SourceQuality "1"]

1. Nf3 d5 2. g3 c5 3. Bg2 Nf6 4. d3 Nc6 5. 0-0 e5 6. e4 dxe4 7. dxe4 Bg4 8. Bg5 Qxd1 9. Rxd1 Nxe4 10. h3 Bxf3 11. Bxf3 Nxg5 12. Bg2 Nd4 13. Na3 0-0-0 14. Kf1 Be7 15. Re1 Bf6 16. c3 Ndf3 17. Re3 e4 18. h4 Nd2+ 19. Ke2 Ngf3 20. Nb5 a6 21. Na3 b5 22. Nc2 b4 23. cxb4 Bxb2 24. Rb1 Nxb1 0-1

[Event "Guarapari Regional Sudeste"]
[Site "Guarapari"]
[Date "2018.08.05"]
[Round "5"]
[White "Ricieri, Vinicius De Andrade"]
[Black "Cordeiro da Silva, Felipe"]
[Result "0-1"]
[WhiteElo "1741"]
[BlackElo "1813"]
[PlyCount "56"]
[EventDate "2018.08.03"]
[EventType "swiss"]
[EventRounds "6"]
[EventCountry "BRA"]
[SourceTitle "EXT 2019"]
[Source "ChessBase"]
[SourceDate "2018.10.10"]
[SourceVersion "1"]
[SourceVersionDate "2018.10.10"]
[SourceQuality "1"]

1. d4 d5 2. c4 e6 3. Nf3 c6 4. g3 f5 5. Bg2 Nf6 6. 0-0 Bd6 7. b3 Qe7 8. Bb2 0-0 9. e3 Bd7 10. Nc3 Be8 11. Rc1 Bh5 12. Ne2 Bxf3 13. Bxf3 g5 14. h3 Nbd7 15. Qd2 Ne4 16. Bxe4 fxe4 17. Kg2 Qf7 18. Ng1 e5 19. f3 Qg6 20. dxe5 Bxe5 21. f4 gxf4 22. exf4 e3 23. Qe2 Bxf4 24. Rxf4 Rxf4 25. Qxe3 Raf8 26. Kh1 Re4 27. Qc3 d4 28. Qd3 Nc5 0-1

[Event "BRA-ch Amateur U1800"]
[Site "Sao Paulo"]
[Date "2018.06.01"]
[Round "3"]
[White "Cordeiro da Silva, Felipe"]
[Black "Dezejacomo, Daniel Otavio Silva"]
[Result "1-0"]
[WhiteElo "1770"]
[BlackElo "1712"]
[PlyCount "75"]
[EventDate "2018.05.31"]
[EventType "swiss"]
[EventRounds "7"]
[EventCountry "BRA"]
[SourceTitle "EXT 2021"]
[Source "ChessBase"]
[SourceDate "2020.10.23"]
[SourceVersion "1"]
[SourceVersionDate "2020.10.23"]
[SourceQuality "1"]

1. d4 Nf6 2. Nf3 e6 3. g3 d5 4. Bg2 Be7 5. 0-0 0-0 6. Nbd2 b6 7. c4 Bb7 8. Ne5 Qc8 9. Ndf3 dxc4 10. Nxc4 Bd5 11. b3 Qb7 12. Bb2 Rd8 13. Ncd2 c5 14. Qc2 Na6 15. Rac1 Rac8 16. Qb1 cxd4 17. Bxd4 Ne4 18. Rfd1 f6 19. Nc4 Nd6 20. Ne3 Be4 21. Qa1 Nb5 22. Bb2 Na3 23. Bh3 Kf7 24. Nd4 Rxd4 25. Rxd4 Nb5 26. Rdd1 Bc5 27. Nc4 Nb4 28. Bc3 Nxc3 29. Rxc3 Nd5 30. Rcc1 b5 31. Nd2 Bg6 32. e4 Nb4 33. Rxc5 Rxc5 34. Qd4 Na6 35. Qd6 Rc6 36. Bxe6+ Ke8 37. Nc4 Qc7 38. Bd7+ 1-0

[Event "BRA-ch Amateur U1800"]
[Site "Sao Paulo"]
[Date "2018.05.31"]
[Round "6"]
[White "Cordeiro da Silva, Felipe"]
[Black "Borges, Lucas Silvestre"]
[Result "1-0"]
[WhiteElo "1770"]
[BlackElo "1789"]
[PlyCount "105"]
[EventDate "2018.05.31"]
[EventType "swiss"]
[EventRounds "7"]
[EventCountry "BRA"]
[SourceTitle "EXT 2021"]
[Source "ChessBase"]
[SourceDate "2020.10.23"]
[SourceVersion "1"]
[SourceVersionDate "2020.10.23"]
[SourceQuality "1"]

1. d4 d5 2. Nf3 Nf6 3. g3 Bf5 4. Bg2 e6 5. 0-0 Nbd7 6. Nbd2 Bd6 7. c4 c6 8. b3 h6 9. Bb2 0-0 10. Rc1 Re8 11. Ne5 Ng4 12. e4 Ngxe5 13. dxe5 Nxe5 14. exf5 Nd3 15. Rb1 Nxb2 16. Rxb2 Qf6 17. Qc2 Rac8 18. fxe6 fxe6 19. Rbb1 Rf8 20. Rbd1 g5 21. Qd3 Bc5 22. Qe2 Rce8 23. Nf3 Bd6 24. Qd2 Re7 25. Rfe1 a6 26. cxd5 exd5 27. Rxe7 Bxe7 28. Qd4 Qxd4 29. Rxd4 Bc5 30. Rd2 Re8 31. Bh3 Kf7 32. Bg4 Kg6 33. Nd4 h5 34. Bf5+ Kf6 35. Bd7 Re7 36. Bh3 Re1+ 37. Bf1 a5 38. Nc2 Re7 39. Re2 Rg7 40. Kg2 b5 41. Re8 Rd7 42. Rc8 Rd6 43. Bd3 d4 44. a3 Re6 45. b4 axb4 46. axb4 Bb6 47. Rh8 Ke5 48. Rxh5 Bd8 49. f4+ Kd5 50. fxg5 Re5 51. h4 c5 52. bxc5 Kxc5 53. Rh8 1-0

[Event "Pocos de Caldas op"]
[Site "Pocos de Caldas"]
[Date "2018.03.04"]
[Round "5"]
[White "Leao, Tales Braghini"]
[Black "Cordeiro da Silva, Felipe"]
[Result "1-0"]
[WhiteElo "2011"]
[BlackElo "1780"]
[PlyCount "69"]
[EventDate "2018.03.02"]
[EventType "swiss"]
[EventRounds "6"]
[EventCountry "BRA"]
[SourceTitle "CBM 183 Extra"]
[Source "ChessBase"]
[SourceDate "2018.04.19"]
[SourceVersion "1"]
[SourceVersionDate "2018.04.19"]
[SourceQuality "1"]

1. e4 e6 2. d4 d5 3. Nc3 Nf6 4. e5 Nfd7 5. f4 Be7 6. Nf3 c5 7. Be3 c4 8. Qd2 a6 9. a4 Nc6 10. Be2 Rb8 11. 0-0 b5 12. axb5 axb5 13. f5 b4 14. fxe6 fxe6 15. Nd1 0-0 16. Nf2 Qb6 17. Nh3 h6 18. Nf4 Nd8 19. Ng6 Rf7 20. Nxe7+ Rxe7 21. Rf2 Nf7 22. Raf1 Nf8 23. Nh4 Bd7 24. Bh5 Be8 25. Rf3 Nh7 26. Ng6 Rc7 27. Qf2 Qa7 28. Rg3 Bb5 29. c3 bxc3 30. bxc3 Be8 31. Bg4 Rb6 32. h4 Qb7 33. Nf4 Bd7 34. Nxd5 Qxd5 35. Qxf7+ 1-0